|
|
|
|
| LEADER |
00000nam0a2200000 4500 |
| 001 |
320364 |
| 005 |
20231102003254.0 |
| 010 |
|
|
|a 9785931081090
|
| 035 |
|
|
|a (RuTPU)RU\TPU\book\345895
|
| 090 |
|
|
|a 320364
|
| 100 |
|
|
|a 20160705d2015 k y0rusy50 ca
|
| 101 |
0 |
|
|a rus
|
| 102 |
|
|
|a RU
|
| 105 |
|
|
|a a z 001zy
|
| 200 |
1 |
|
|a Обнаружение и координатометрия оптико-электронных средств, оценка параметров их сигналов
|f под ред. Ю. Л. Козирацкого
|
| 210 |
|
|
|a Москва
|c Радиотехника
|d 2015
|
| 215 |
|
|
|a 455 с.
|c ил.
|
| 225 |
1 |
|
|a Научная серия: Математические модели конфликта и поиска
|
| 320 |
|
|
|a Библиогр.: с. 445-454
|
| 330 |
|
|
|a В книге изложены основные результаты исследований в области обнаружения и координатометрии оптико-электронных средств и оценки параметров их сигналов. Изложены физико-технические основы разведки оптико-электронных средств, алгоритмы их обнаружения, распознавания и координатометрии. Представлены способы и алгоритмы обнаружения оптико-электронных средств на основе анализа изображений. Рассмотрены вопросы построения комплексов оптико-электронного подавления.Для научных работников, преподавателей, аспирантов (адъюнктов), студентов (слушателей) высших учебных заведений по радиотехническим специальностям, связанным с разработкой и эксплуатацией оптико-электронных средств и систем радиоэлектронной борьбы.
|
| 606 |
1 |
|
|a Оптоэлектроника
|2 stltpush
|3 (RuTPU)RU\TPU\subj\47265
|9 66320
|
| 610 |
1 |
|
|a оптико-электронные средства
|
| 610 |
1 |
|
|a отражательные характеристики
|
| 610 |
1 |
|
|a лазерные излучения
|
| 610 |
1 |
|
|a передающие каналы
|
| 610 |
1 |
|
|a атмосферные каналы
|
| 610 |
1 |
|
|a рассеяние
|
| 610 |
1 |
|
|a носители
|
| 610 |
1 |
|
|a обнаружение
|
| 610 |
1 |
|
|a оптические сигналы
|
| 610 |
1 |
|
|a различение
|
| 610 |
1 |
|
|a оценка
|
| 610 |
1 |
|
|a параметры
|
| 610 |
1 |
|
|a помехи
|
| 610 |
1 |
|
|a координатометрия
|
| 610 |
1 |
|
|a оптические излучения
|
| 610 |
1 |
|
|a оптико-электронное подавление
|
| 610 |
1 |
|
|a информационное обеспечение
|
| 675 |
|
|
|a 621.383
|v 4
|
| 702 |
|
1 |
|a Козирацкий
|b Ю. Л.
|g Юрий Леонтьевич
|4 340
|
| 801 |
|
1 |
|a RU
|b 63413507
|c 20160705
|
| 801 |
|
2 |
|a RU
|b 63413507
|c 20160926
|g RCR
|
| 942 |
|
|
|c BK
|
| 959 |
|
|
|a 43/20160609
|d 1
|e 0
|f ЧЗТЛ:1
|